Central Library OPAC University of Rajshahi

Psychology of personality / (Record no. 29124)

MARC details
000 -LEADER
fixed length control field 00737cam a22002652 4500
001 - CONTROL NUMBER
control field 29124
003 - CONTROL NUMBER IDENTIFIER
rucl marc code BD-RjUL
005 - DATE AND TIME OF LATEST TRANSACTION
control field 20211209051357.0
008 - FIXED-LENGTH DATA ELEMENTS--GENERAL INFORMATION
fixed length control field 140402s1948 nyu 000 0 eng u
035 ## - SYSTEM CONTROL NUMBER
System control number (BD-RjUL)29209
040 ## - CATALOGING SOURCE
Transcribing agency JNA
Modifying agency OCL
-- EQO
Original cataloging agency BD-RjUL
Language of cataloging eng
041 ## - LANGUAGE CODE
Language code of text/sound track or separate title eng
082 ## - DEWEY DECIMAL CLASSIFICATION NUMBER
Classification number 137
Author mark and year STP 1948
090 ## - LOCALLY ASSIGNED LC-TYPE CALL NUMBER (OCLC); LOCAL CALL NUMBER (OCLC)
Classification number (OCLC) (R) ; Classification number, CALL (RLIN) (NR) BF698
Local cutter number (OCLC) ; Book number/undivided call number, CALL (RLIN) .S67 1948
100 1# - MAIN ENTRY--PERSONAL NAME
Personal name Stagner, Ross,
Dates associated with a name 1909-1997
9 (RLIN) 88933
245 10 - TITLE STATEMENT
Title Psychology of personality /
250 ## - EDITION STATEMENT
Edition statement 2d ed.
260 ## - PUBLICATION, DISTRIBUTION, ETC. (IMPRINT)
Place of publication, distribution, etc. New York :
Name of publisher, distributor, etc. McGraw-Hill Book Co.,
Date of publication, distribution, etc. 1948.
300 ## - PHYSICAL DESCRIPTION
Pagination xii, 485 p. :
Illustrations illus. ;
Size 24 cm.
490 0# - SERIES STATEMENT
Series statement McGraw-Hill publications in psychology
504 ## - BIBLIOGRAPHY, ETC. NOTE
Bibliography, etc Bibliography: p. 453-478.
650 #0 - SUBJECT ADDED ENTRY--TOPICAL TERM
Topical term or geographic name as entry element Personality.
9 (RLIN) 88934
942 ## - ADDED ENTRY ELEMENTS (KOHA)
Source of classification or shelving scheme Dewey Decimal Classification
Koha item type Books
Holdings
Lost status Source of classification or shelving scheme Damaged status Not for loan Collection code Permanent Location Current Location Shelving location Date acquired Source of acquisition Cost, normal purchase price Total Checkouts Full call number Date last seen Copy number Koha item type
  Dewey Decimal Classification   Added to bundle Non-fiction Central Library, University of Rajshahi Central Library, University of Rajshahi Reading Room 08/10/1957 P.A .Commerical.. 30.00   137 STP 1948 02/04/2014 C-1 Books
  Dewey Decimal Classification     Non-fiction Central Library, University of Rajshahi Central Library, University of Rajshahi   15/01/1958 mirza 3.12   137 STP 1948 02/04/2014 C-2 Books